Cancer Care in Pandemic Times : Building Inclusive Local Health Security in Africa and India.

Bibliographic Details
Main Author: Banda, Geoffrey.
Other Authors: Mackintosh, Maureen., Njeru, Mercy Karimi., Makene, Fortunata Songora., Srinivas, Smita.
Format: eBook
Language:English
Published: Cham : Springer International Publishing AG, 2024.
Edition:1st ed.
Series:International Political Economy Series
Subjects:
Online Access:Click to View
LEADER 01820nam a22004333i 4500
001 EBC31338904
003 MiAaPQ
005 20240729202206.0
006 m o d |
007 cr cnu||||||||
008 240729s2024 xx o ||||0 eng d
020 |a 9783031441233  |q (electronic bk.) 
020 |z 9783031441226 
035 |a (MiAaPQ)EBC31338904 
035 |a (Au-PeEL)EBL31338904 
035 |a (OCoLC)1443084659 
040 |a MiAaPQ  |b eng  |e rda  |e pn  |c MiAaPQ  |d MiAaPQ 
050 4 |a JZ1252 
100 1 |a Banda, Geoffrey. 
245 1 0 |a Cancer Care in Pandemic Times :  |b Building Inclusive Local Health Security in Africa and India. 
250 |a 1st ed. 
264 1 |a Cham :  |b Springer International Publishing AG,  |c 2024. 
264 4 |c Ã2024. 
300 |a 1 online resource (384 pages) 
336 |a text  |b txt  |2 rdacontent 
337 |a computer  |b c  |2 rdamedia 
338 |a online resource  |b cr  |2 rdacarrier 
490 1 |a International Political Economy Series 
588 |a Description based on publisher supplied metadata and other sources. 
590 |a Electronic reproduction. Ann Arbor, Michigan : ProQuest Ebook Central, 2024. Available via World Wide Web. Access may be limited to ProQuest Ebook Central affiliated libraries.  
655 4 |a Electronic books. 
700 1 |a Mackintosh, Maureen. 
700 1 |a Njeru, Mercy Karimi. 
700 1 |a Makene, Fortunata Songora. 
700 1 |a Srinivas, Smita. 
776 0 8 |i Print version:  |a Banda, Geoffrey  |t Cancer Care in Pandemic Times: Building Inclusive Local Health Security in Africa and India  |d Cham : Springer International Publishing AG,c2024  |z 9783031441226 
797 2 |a ProQuest (Firm) 
830 0 |a International Political Economy Series 
856 4 0 |u https://ebookcentral.proquest.com/lib/matrademy/detail.action?docID=31338904  |z Click to View